| 000 | 00705nam a2200229 a 4500 | ||
|---|---|---|---|
| 001 | BRCA_6917 | ||
| 005 | 20190320205636.0 | ||
| 008 | 161111s1915----sp-#######---#000-0#spa-# | ||
| 041 | _aspa | ||
| 044 | _asp | ||
| 050 | 4 |
_aDP52 _b.G36 1915 |
|
| 100 | 1 |
_aGanivet, Angel _d1865-1898 _917075 |
|
| 245 | 1 | 0 |
_aIdearium español _cpor Angel Ganivet. |
| 260 |
_aMadrid, España _bLibrería General de Victoriano Suárez _c1915 |
||
| 300 |
_a184 p. _c20 cm. |
||
| 500 | _aEstado físico: páginas y cubiertas rotas ; cubierta posterior desprendida | ||
| 500 | _aO132 | ||
| 650 | 1 | 4 |
_aCaracterísticas nacionales españolas _917236 |
| 651 | 4 |
_aEspaña _xCivilización _917237 |
|
| 902 | _aGFM | ||
| 942 |
_2lcc _cB |
||
| 999 |
_c6599 _d6599 |
||